History Quiz

Random History or Clickable Quiz

Name It After Me! (II) Quiz Stats

Quiz Updated Sep 20, 2014

Also try: Name It After Me!
Challenge
Share
Tweet
Embed
Score 0/25 Timer 08:00
2 Plays Today
% Correct
Houdini
98.8%
Teddy bear
98.7%
Frisbee
97.2%
Einstein
96.2%
Jacuzzi
95.2%
Morse
94.8%
Sousaphone
93.7%
Rockefeller
91.6%
Ritzy
90.2%
Lynch
89.8%
Fosbury flop
89.5%
Mirandize
89%
Daniel Boone
88.1%
% Correct
Garrison finish
86.5%
Mason
85.4%
Jim Crow
82.1%
Bowie
81.4%
Gerrymander
79.1%
Peter Principle
75.7%
Minie ball
73.8%
Pinkerton
65.6%
Comstockery
64.9%
Rube Goldberg
60.4%
Yale
58.1%
Brodie
43%

You're not logged in!

Compare scores with friends on all Sporcle quizzes.
Join for Free
OR
Log In

You Might Also Like...

Show Comments

Extras

Top Quizzes Today


Score Distribution

Your Account Isn't Verified!

In order to create a playlist on Sporcle, you need to verify the email address you used during registration. Go to your Sporcle Settings to finish the process.

Report this User

Report this user for behavior that violates our Community Guidelines.

Details: